Life at school: (Record no. 18005)

MARC details
000 -LEADER
fixed length control field 007010000a22001810004500
005 - DATE AND TIME OF LATEST TRANSACTION
control field 20081031142022.0
010 ## - LCCN (DPL NO)
LC control number ENG-84702
020 ## - INTERNATIONAL STANDARD BOOK NUMBER
International Standard Book Number 0195679644
Terms of availability 295.00 (hb)
035 ## - SYSTEM CONTROL NUMBER
System control number EN-68235
082 ## - DEWEY DECIMAL CLASSIFICATION NUMBER
Classification number 370.954
100 ## - MAIN ENTRY--PERSONAL NAME
Personal name Thapan, Minakshi
245 ## - TITLE STATEMENT
Title Life at school:
Remainder of title an ethnographic study /
Statement of responsibility, etc by Meenakshi Thapan
260 ## - PUBLICATION, DISTRIBUTION, ETC. (IMPRINT)
Place of publication, distribution, etc New Delhi
Name of publisher, distributor, etc Oxford University Press
Date of publication, distribution, etc 2006
300 ## - PHYSICAL DESCRIPTION
Extent xxxi,271p
Dimensions 22cm
500 ## - GENERAL NOTE
General note Includes bibliographical references and index
942 ## - ADDED ENTRY ELEMENTS (KOHA)
Source of classification or shelving scheme Dewey Decimal Classification
Item type English Books
Classification part 370.954
Call number suffix 370.954
Holdings
Withdrawn status Lost status Not for loan Home library Current library Date acquired Cost, normal purchase price Full call number Barcode Copy number Cost, replacement price Koha item type
    Not For Loan D.B.Act.Division D.B.Act.Division 26/03/2007 295.00 370.954 370.954 EN-68235 1 295.00 English Books

© Delhi Public Library
Hit Counter
free hit counter